000 00490nam a2200181Ia 4500
008 131103s9999 xx 000 0 und d
020 _a195642015
_cRs.30.00
040 _aLoreto College
041 _aEnglish
082 _aCHBK-II/GAS
_bLCBED/14392
245 _aThe Poem Tree, Book 6
_cDean Gasper
260 _aDelhi
_bOxford University Press
_c1998
300 _a65p.
_c 20cm.
504 _aContains notes
650 _aPoetry-Children
850 _aLCBED/CHBK-II/GAS
942 _cBK
999 _c36773
_d87252